000 00437cam a2200169 i 4500
020 _a0721630456
040 _cDLC
082 0 0 _a574 SAU 1977 A027 Or.
100 1 _aDeWitt, William.
245 1 0 _aBiology of the cell :
_ban evolutionary approach /
260 _aPhiladelphia :
_bSaunders,
_c1977.
300 _aix, 568 p. :
_bill. ;
_c27 cm.
650 0 _aCytology.
650 0 _aEvolution (Biology)
650 2 _aCells.
942 _cEK
999 _c13061
_d13061